[Event "George Marx mem 4th"]
[Site "Paks"]
[Date "2006.07.30"]
[Round "3"]
[White "Berkes, Ferenc"]
[Black "Efimenko, Zahar"]
[Result "1/2-1/2"]
[WhiteElo "2601"]
[BlackElo "2632"]
[PlyCount "51"]
[EventDate "2006.07.28"]
[EventType "tourn"]
[EventRounds "10"]
[EventCountry "HUN"]
[EventCategory "15"]
[Source "ChessBase"]
[SourceDate "2006.09.14"]

1. d4 Nf6 2. c4 e6 3. Nc3 Bb4 4. e3 O-O 5. Bd3 d5 6. Nf3 c5 7. O-O dxc4 8. Bxc4
Nbd7 9. a3 cxd4 10. axb4 dxc3 11. bxc3 Qc7 12. Be2 Nd5 13. Bb2 Nxc3 14. Bxc3
Qxc3 15. Qd6 Nf6 16. Nd4 Ne8 17. Qe7 Qc7 18. Qxc7 Nxc7 19. Bf3 Rd8 20. Rfc1 Ne8
21. Nb5 a6 22. Nc7 Nxc7 23. Rxc7 Rb8 24. Rac1 Kf8 25. h4 Bd7 26. Bxb7 1/2-1/2

[Event "George Marx mem 4th"]
[Site "Paks"]
[Date "2006.08.07"]
[Round "10"]
[White "Berkes, Ferenc"]
[Black "Harikrishna, Penteala"]
[Result "1/2-1/2"]
[WhiteElo "2601"]
[BlackElo "2682"]
[PlyCount "55"]
[EventDate "2006.07.28"]
[EventType "tourn"]
[EventRounds "10"]
[EventCountry "HUN"]
[EventCategory "15"]
[Source "ChessBase"]
[SourceDate "2006.09.14"]

1. d4 Nf6 2. c4 e6 3. Nc3 Bb4 4. e3 O-O 5. Bd3 d5 6. Nf3 c5 7. O-O dxc4 8. Bxc4
Nbd7 9. a3 cxd4 10. axb4 dxc3 11. bxc3 Qc7 12. Be2 Nd5 13. Bb2 Nxc3 14. Bxc3
Qxc3 15. Qd6 Qc6 16. Qxc6 bxc6 17. Nd4 Bb7 18. Rfc1 Rfc8 19. Bf3 a6 20. Bxc6
Bxc6 21. Nxc6 Kf8 22. Kf1 Rc7 23. b5 Rac8 24. Rxa6 Nb8 25. Ra8 Nxc6 26. Rxc8+
Rxc8 27. bxc6 Ke7 28. Ke2 1/2-1/2

[Event "Pardubice op-A"]
[Site "Pardubice"]
[Date "2006.07.25"]
[Round "5"]
[White "Gajewski, Grzegorz"]
[Black "Jakubowski, Krzysztof"]
[Result "1-0"]
[WhiteElo "2504"]
[BlackElo "2507"]
[PlyCount "77"]
[EventDate "2006.07.21"]
[EventType "swiss"]
[EventRounds "9"]
[EventCountry "CZE"]
[Source "ChessBase"]
[SourceDate "2006.09.14"]

1. d4 Nf6 2. c4 e6 3. Nc3 Bb4 4. e3 b6 5. Nge2 Bb7 6. a3 Be7 7. d5 exd5 8. cxd5
O-O 9. g3 c5 10. Bg2 d6 11. O-O Re8 12. h3 Bf8 13. g4 Na6 14. e4 Nc7 15. Ng3
Nd7 16. g5 Ba6 17. Nce2 Ne5 18. f4 Nd3 19. Rf3 Nxc1 20. Rxc1 Bxe2 21. Qxe2 Nxd5
22. Qd2 Nc7 23. Rd3 d5 24. exd5 Bd6 25. Nh5 Nb5 26. Bf3 Rc8 27. Kh1 Nd4 28. Rg1
Kh8 29. Qg2 Rc7 30. Be4 Bf8 31. Nf6 Ree7 32. Bxh7 Re2 33. Qg4 gxf6 34. Qh4 fxg5
35. Rxg5 Re1+ 36. Kg2 Re2+ 37. Kf1 Re1+ 38. Kxe1 Qe7+ 39. Be4+ 1-0

[Event "Pardubice op-A"]
[Site "Pardubice"]
[Date "2006.07.29"]
[Round "9"]
[White "Potkin, Vladimir"]
[Black "Gajewski, Grzegorz"]
[Result "1/2-1/2"]
[WhiteElo "2556"]
[BlackElo "2504"]
[PlyCount "120"]
[EventDate "2006.07.21"]
[EventType "swiss"]
[EventRounds "9"]
[EventCountry "CZE"]
[Source "ChessBase"]
[SourceDate "2006.09.14"]

1. d4 Nf6 2. c4 e6 3. Nc3 Bb4 4. e3 O-O 5. Bd3 d5 6. Nf3 c5 7. O-O dxc4 8. Bxc4
Nc6 9. a3 Bxc3 10. bxc3 Qc7 11. Bb2 e5 12. h3 b6 13. Qc2 Bb7 14. Bb5 e4 15. Nd2
Rad8 16. Rfd1 Na5 17. c4 cxd4 18. Bxd4 Qe7 19. Bc3 Nd7 20. Bxd7 Qxd7 21. Nxe4
Qc6 22. Bxa5 Qxe4 23. Qxe4 Bxe4 24. Bb4 Rfe8 25. c5 Rxd1+ 26. Rxd1 Bc6 27. Rc1
Rc8 28. cxb6 axb6 29. g4 h5 30. gxh5 Bd7 31. Rd1 Bxh3 32. Rd6 b5 33. Rd5 Rb8
34. Kh2 Be6 35. Rc5 Kh7 36. Kg3 Kh6 37. e4 Bc4 38. f3 Ra8 39. Kh4 Ra6 40. Rc8
Kh7 41. e5 Rh6 42. Bd2 Ra6 43. Bb4 Rh6 44. Bf8 Be2 45. Kg4 Bc4 46. Rb8 Rc6 47.
f4 Rc8 48. Rxc8 Be6+ 49. f5 Bxc8 50. Kg5 Kg8 51. Bxg7 Kxg7 52. h6+ Kh7 53. e6
Bxe6 54. fxe6 fxe6 55. Kf6 Kxh6 56. Kxe6 Kg7 57. Kd6 Kf7 58. Kc6 Ke7 59. Kxb5
Kd7 60. Kb6 Kc8 1/2-1/2

[Event "Senta op 10th"]
[Site "Senta"]
[Date "2006.07.26"]
[Round "7"]
[White "Lajthajm, Borko"]
[Black "Savic, Miodrag R"]
[Result "0-1"]
[WhiteElo "2507"]
[BlackElo "2518"]
[PlyCount "78"]
[EventDate "2006.07.21"]
[EventType "swiss"]
[EventRounds "9"]
[EventCountry "YUG"]
[Source "ChessBase"]
[SourceDate "2006.09.14"]

1. d4 Nf6 2. c4 e6 3. Nc3 Bb4 4. e3 O-O 5. Qc2 b6 6. Nf3 Bb7 7. Bd3 c5 8. dxc5
bxc5 9. Bd2 d5 10. cxd5 exd5 11. O-O Nbd7 12. Rab1 d4 13. Ne4 Bxd2 14. Nxf6+
Qxf6 15. Nxd2 g6 16. Bb5 Ne5 17. exd4 cxd4 18. f3 Rfd8 19. Rbd1 Rac8 20. Qb3
Bd5 21. Qa4 Qb6 22. Rfe1 f6 23. Kh1 Kg7 24. Nb3 Bxb3 25. Qxb3 Rb8 26. Ba4 Qc5
27. Qa3 Qxa3 28. bxa3 Rb2 29. Bb3 g5 30. h3 d3 31. Kg1 Rd7 32. Re3 h5 33. a4 h4
34. a5 Rd4 35. Ree1 Kg6 36. Rb1 d2 37. Red1 Nd3 38. Kf1 Rd8 39. a6 Re8 0-1

[Event "Andorra op 24th"]
[Site "Andorra la Vella"]
[Date "2006.07.16"]
[Round "9"]
[White "Peralta, Fernando"]
[Black "Delchev, Aleksander"]
[Result "1/2-1/2"]
[WhiteElo "2546"]
[BlackElo "2637"]
[PlyCount "29"]
[EventDate "2006.07.08"]
[EventType "swiss"]
[EventRounds "9"]
[EventCountry "AND"]
[Source "ChessBase"]
[SourceDate "2006.09.14"]

1. d4 Nf6 2. c4 e6 3. Nc3 Bb4 4. e3 O-O 5. Bd3 d5 6. Nf3 c5 7. O-O dxc4 8. Bxc4
Nbd7 9. Qe2 b6 10. a3 cxd4 11. Nb5 Be7 12. Nbxd4 Bb7 13. Rd1 Qc7 14. b3 Ne5 15.
Nxe5 1/2-1/2

[Event "GRE-chT 35th"]
[Site "Ermioni"]
[Date "2006.07.06"]
[Round "4"]
[White "Macieja, Bartlomiej"]
[Black "Rozentalis, Eduardas"]
[Result "1/2-1/2"]
[WhiteElo "2613"]
[BlackElo "2605"]
[PlyCount "49"]
[EventDate "2006.07.03"]
[EventType "team"]
[EventRounds "9"]
[EventCountry "GRE"]
[Source "ChessBase"]
[SourceDate "2006.09.14"]

1. d4 Nf6 2. c4 e6 3. Nc3 Bb4 4. e3 d5 5. a3 Bxc3+ 6. bxc3 c6 7. a4 O-O 8. Nf3
b6 9. cxd5 cxd5 10. Ba3 Re8 11. Bb5 Bd7 12. Bd3 Nc6 13. c4 e5 14. cxd5 Nxd4 15.
exd4 e4 16. Ne5 exd3 17. d6 Bf5 18. O-O Ne4 19. Qf3 Bg6 20. Nxg6 hxg6 21. Qxd3
Nxd6 22. d5 Qf6 23. Rac1 Rad8 24. Rfd1 Qf4 25. Bxd6 1/2-1/2

[Event "Odessa Geller mem"]
[Site "Odessa"]
[Date "2006.07.02"]
[Round "1"]
[White "Kortschnoj, Viktor"]
[Black "Beliavsky, Alexander G"]
[Result "1/2-1/2"]
[WhiteElo "2607"]
[BlackElo "2622"]
[PlyCount "88"]
[EventDate "2006.07.02"]
[EventType "tourn (rapid)"]
[EventRounds "9"]
[EventCountry "UKR"]
[EventCategory "12"]
[Source "ChessBase"]
[SourceDate "2006.09.14"]

1. d4 Nf6 2. c4 e6 3. Nc3 Bb4 4. e3 O-O 5. Bd3 c5 6. Nf3 d5 7. O-O dxc4 8. Bxc4
Nbd7 9. Qb3 a6 10. Rd1 b5 11. Be2 Qe7 12. a4 bxa4 13. Nxa4 Rb8 14. dxc5 Bxc5
15. Qc2 Bb7 16. Bd2 Bb4 17. Bxb4 Qxb4 18. Rd4 Qe7 19. Nc3 Nc5 20. b4 e5 21.
Nxe5 Qxe5 22. bxc5 Qxc5 23. Rc4 Qe5 24. Rb1 h6 25. h3 Ba8 26. Rxb8 Rxb8 27. Rd4
a5 28. Qd2 Bc6 29. Bc4 a4 30. Qa2 Be8 31. Qa3 Qa5 32. Kh2 Rd8 33. Kg1 Rc8 34.
Kh2 Rc5 35. g3 Qc7 36. Nd5 Nxd5 37. Bxd5 Rc2 38. Rf4 Qe5 39. Qd3 Rc3 40. Qd2
Rc8 41. Bxf7+ Bxf7 42. Rxf7 Kxf7 43. Qd7+ Kg6 44. Qxc8 Qb2 1/2-1/2

[Event "SWE-ch"]
[Site "Gothenburg"]
[Date "2006.07.02"]
[Round "2"]
[White "Hellsten, Johan"]
[Black "Berg, Emanuel"]
[Result "1/2-1/2"]
[WhiteElo "2570"]
[BlackElo "2589"]
[PlyCount "127"]
[EventDate "2006.07.01"]
[EventType "tourn"]
[EventRounds "13"]
[EventCountry "SWE"]
[EventCategory "10"]
[Source "ChessBase"]
[SourceDate "2006.09.14"]

1. d4 Nf6 2. c4 e6 3. Nc3 Bb4 4. e3 d5 5. a3 Be7 6. Nf3 O-O 7. Bd3 dxc4 8. Bxc4
c5 9. O-O a6 10. Bd3 Nbd7 11. Qe2 b5 12. dxc5 Nxc5 13. Bc2 Bb7 14. e4 Qc7 15.
Bg5 h6 16. Bh4 Nh5 17. Bxe7 Qxe7 18. Qe3 Nf6 19. Rfd1 Rfc8 20. Nd4 Ncd7 21. f3
Ne5 22. Bb3 Qc5 23. Rac1 Qb6 24. Nf5 Qxe3+ 25. Nxe3 Rd8 26. Rxd8+ Rxd8 27. Rd1
Rxd1+ 28. Bxd1 Kf8 29. Be2 Ke7 30. Kf2 g5 31. b4 Nc6 32. Nc2 Nd7 33. g3 Nb6 34.
Ke3 Ne5 35. f4 Nec4+ 36. Kd4 gxf4 37. gxf4 f6 38. e5 fxe5+ 39. fxe5 Nd2 40. Ke3
Ndc4+ 41. Kf4 Bc6 42. Bxc4 Nxc4 43. Nd1 Be8 44. Nde3 Nb2 45. Ke4 Bg6+ 46. Kd4
Bxc2 47. Nxc2 Nc4 48. a4 Nd2 49. axb5 axb5 50. Ke3 Nb3 51. Ne1 Nc1 52. Kd4 Nb3+
53. Kc3 Nc1 54. Kd2 Nb3+ 55. Kc3 Nc1 56. Kd4 Nb3+ 57. Ke3 Nc1 58. Kd2 Nb3+ 59.
Kc3 Nc1 60. Nf3 Kd7 61. Kc2 Na2 62. Kb3 Nc1+ 63. Kc2 Na2 64. Kb3 1/2-1/2

[Event "CHN-ch"]
[Site "Wuxi"]
[Date "2006.06.30"]
[Round "6"]
[White "Liang Chong"]
[Black "Xu Jun"]
[Result "1/2-1/2"]
[WhiteElo "2514"]
[BlackElo "2591"]
[PlyCount "67"]
[EventDate "2006.06.25"]
[EventType "tourn"]
[EventRounds "11"]
[EventCountry "CHN"]
[EventCategory "14"]
[Source "ChessBase"]
[SourceDate "2006.09.14"]

1. d4 Nf6 2. c4 e6 3. Nc3 Bb4 4. e3 O-O 5. a3 Bxc3+ 6. bxc3 b6 7. Bd3 d5 8.
cxd5 exd5 9. Ne2 Ba6 10. Bxa6 Nxa6 11. Qd3 Qc8 12. O-O c5 13. Ng3 Nc7 14. f3
Qa6 15. Qd2 Rfe8 16. Bb2 Nb5 17. e4 dxe4 18. fxe4 Nxe4 19. Nxe4 Rxe4 20. dxc5
Rf8 21. Qd3 Qa4 22. cxb6 axb6 23. Rae1 Rxe1 24. Rxe1 Nxa3 25. Re4 Qb5 26. Qxb5
Nxb5 27. Rb4 Nd6 28. Rxb6 Nc4 29. Rb4 Rc8 30. Bc1 f6 31. Bf4 Kf7 32. Rb7+ Kg6
33. Kf2 Ne5 34. Bxe5 1/2-1/2

[Event "Biel GM"]
[Site "Biel"]
[Date "2006.08.03"]
[Round "10"]
[White "Pelletier, Yannick"]
[Black "Volokitin, Andrei"]
[Result "1-0"]
[WhiteElo "2583"]
[BlackElo "2662"]
[PlyCount "60"]
[EventDate "2006.07.24"]
[EventType "tourn"]
[EventRounds "10"]
[EventCountry "SUI"]
[EventCategory "17"]
[Source "ChessBase"]
[SourceDate "2006.10.02"]

1. d4 Nf6 2. c4 e6 3. Nc3 Bb4 4. e3 O-O 5. Bd3 c5 6. Nf3 d5 7. O-O Nc6 8. a3
Bxc3 9. bxc3 dxc4 10. Bxc4 Qc7 11. Bb2 e5 12. h3 b6 13. Ba2 Ba6 14. Re1 e4 15.
Nd2 Rad8 16. f3 exf3 17. Qxf3 Ne5 18. dxe5 Rxd2 19. exf6 Rxb2 20. Qg4 g6 21.
Qg5 Rd8 22. Red1 Bb7 23. Qe5 Rxg2+ 24. Kf1 Qb8 25. Bxf7+ Kh8 26. Rxd8+ Qxd8 27.
Bd5 Rg5 28. Qxg5 Bxd5 29. Rd1 Bc4+ 30. Ke1 Qb8 1-0

[Event "Amsterdam NH Hotels"]
[Site "Amsterdam"]
[Date "2006.08.22"]
[Round "4"]
[White "Beliavsky, Alexander G"]
[Black "Carlsen, Magnus"]
[Result "1/2-1/2"]
[WhiteElo "2625"]
[BlackElo "2675"]
[PlyCount "35"]
[EventDate "2006.08.19"]
[EventType "schev"]
[EventRounds "10"]
[EventCountry "NED"]
[Source "ChessBase"]
[SourceDate "2006.10.02"]

1. d4 Nf6 2. c4 e6 3. Nc3 Bb4 4. e3 O-O 5. Bd3 d5 6. Nf3 c5 7. O-O dxc4 8. Bxc4
Nbd7 9. a3 Ba5 10. Bd2 b6 11. Qb1 Bxc3 12. Bxc3 Bb7 13. Rd1 Qc7 14. dxc5 Qxc5
15. Be2 Rfd8 16. Qd3 Qf8 17. Qc4 Ne4 18. Bb4 1/2-1/2

[Event "RUS-ch 1st League 59th"]
[Site "Tomsk"]
[Date "2006.09.06"]
[Round "4"]
[White "Volkov, Sergey"]
[Black "Vitiugov, Nikita"]
[Result "0-1"]
[WhiteElo "2628"]
[BlackElo "2555"]
[PlyCount "92"]
[EventDate "2006.09.03"]
[EventType "swiss"]
[EventRounds "9"]
[EventCountry "RUS"]
[Source "ChessBase"]
[SourceDate "2006.11.01"]

1. d4 Nf6 2. c4 e6 3. Nc3 Bb4 4. e3 b6 5. Nge2 Ba6 6. a3 Be7 7. Nf4 d5 8. cxd5
Bxf1 9. dxe6 Ba6 10. exf7+ Kxf7 11. Qb3+ Ke8 12. Ne6 Qd7 13. Nxg7+ Kd8 14. Ne6+
Kc8 15. d5 Bb7 16. Nf4 Bd6 17. e4 Re8 18. f3 Bxf4 19. Bxf4 Bxd5 20. Qc2 Bc4 21.
b3 Ba6 22. Bg5 Re6 23. Rd1 Qg7 24. Be3 Nbd7 25. Kf2 Ne5 26. Bd4 Kb7 27. Rhe1
Rg8 28. g3 Qf7 29. Kg2 Nh5 30. Bxe5 Rxe5 31. Nd5 Reg5 32. Qf2 Rxd5 33. exd5
Nf4+ 34. Kh1 Nd3 35. Rxd3 Bxd3 36. d6 cxd6 37. Qe3 Bg6 38. Rd1 Re8 39. Qc3 Qe6
40. b4 Qe3 41. Qf6 Re6 42. Qf8 Be8 43. Qf5 Bc6 44. Rd3 Qf2 45. Qf7+ Ka6 46. b5+
Bxb5 0-1

[Event "RUS-ch 1st League 59th"]
[Site "Tomsk"]
[Date "2006.09.10"]
[Round "8"]
[White "Volkov, Sergey"]
[Black "Khairullin, Ildar"]
[Result "1/2-1/2"]
[WhiteElo "2628"]
[BlackElo "2538"]
[PlyCount "212"]
[EventDate "2006.09.03"]
[EventType "swiss"]
[EventRounds "9"]
[EventCountry "RUS"]
[Source "ChessBase"]
[SourceDate "2006.11.01"]

1. d4 Nf6 2. c4 e6 3. Nc3 Bb4 4. e3 O-O 5. Nge2 d5 6. a3 Bd6 7. c5 Be7 8. b4 b6
9. Nf4 a5 10. Bd2 c6 11. Be2 Nbd7 12. Nd3 Ba6 13. O-O Qc7 14. cxb6 Nxb6 15.
bxa5 Nc4 16. Nb4 Bb5 17. a6 Bxb4 18. Nxb5 cxb5 19. Bxb4 Rfb8 20. a4 Rxa6 21.
axb5 Rxa1 22. Qxa1 Rxb5 23. Qa4 Rb8 24. Rc1 Qd7 25. Qb3 Qd6 26. Bxd6 Rxb3 27.
Bf4 Ne4 28. h4 h6 29. h5 Rb2 30. Re1 Nc3 31. Bf1 f5 32. f3 Rb1 33. Rxb1 Nxb1
34. Kf2 Nc3 35. Bd3 Kf7 36. Ke1 Nb2 37. Ba6 Nc4 38. Bc7 Ke7 39. Bg3 Kf7 40. Bf2
Ke8 41. Bg3 Kf7 42. Bf4 Kf8 43. Bb8 Kf7 44. Ba7 Na4 45. Ke2 Nc3+ 46. Ke1 Na4
47. Bxc4 dxc4 48. Kd2 Nb2 49. Bb8 Nd3 50. Bd6 Kf6 51. Bf4 Kf7 52. Be5 Nb4 53.
e4 Nd3 54. Bg3 fxe4 55. fxe4 e5 56. Kc3 exd4+ 57. Kxc4 Nc1 58. Bf4 Ne2 59. g3
g5 60. Bb8 Ke6 61. g4 Nc1 62. Kxd4 Nb3+ 63. Kc4 Na5+ 64. Kd3 Nc6 65. Bg3 Nb4+
66. Ke2 Nc6 67. Ke3 Nb4 68. Bc7 Nc6 69. Kf2 Nb4 70. Ba5 Nd3+ 71. Kf3 Ne5+ 72.
Kg3 Kf7 73. Bc3 Nd7 74. Kf3 Nf8 75. Ke3 Nd7 76. Kd3 Nc5+ 77. Kd4 Ne6+ 78. Ke5
Nc5 79. Bd2 Ne6 80. Bb4 Ng7 81. Bc3 Ne8 82. Kd5 Nc7+ 83. Kc6 Ne6 84. Kd6 Nf4
85. Ke5 Ne6 86. Kf5 Nf8 87. Bb2 Ne6 88. Bf6 Nc5 89. Ba1 Ne6 90. Ke5 Nc5 91. Bd4
Ne6 92. Be3 Nf8 93. Bd2 Ne6 94. Bb4 Nf4 95. Kf5 Ne6 96. Bc3 Nf8 97. Bh8 Ne6 98.
Bf6 Nc5 99. Bxg5 hxg5 100. e5 Ne6 101. h6 Nf8 102. Kxg5 Ke6 103. Kh5 Kxe5 104.
g5 Kf5 105. h7 Nxh7 106. g6 Nf6+ 1/2-1/2

[Event "60th ch-RUS Superfinal"]
[Site "Moscow RUS"]
[Date "2007.12.23"]
[Round "5"]
[White "Vitiugov, N."]
[Black "Grischuk, A."]
[Result "1/2-1/2"]
[WhiteElo "2594"]
[BlackElo "2715"]
[PlyCount "118"]
[EventDate "2007.12.18"]
[SourceDate "1999.07.01"]

1. d4 Nf6 2. c4 e6 3. Nc3 Bb4 4. e3 O-O 5. Bd3 c5 6. Nf3 d5 7. O-O Nc6 8. a3
Bxc3 9. bxc3 Qc7 10. Bb2 Na5 11. cxd5 exd5 12. Ne5 c4 13. Bc2 Ne4 14. f3 Nd6
15. a4 f6 16. Ba3 Rd8 17. Ng4 Bxg4 18. fxg4 Nb3 19. Ra2 Qe7 20. Qf3 Qe6 21. Qf4
Rd7 22. Bxd6 Qxd6 23. Qxd6 Rxd6 24. Bxb3 cxb3 25. Rb2 Rc8 26. Rxb3 b6 27. Kf2
Rdc6 28. Rc1 Rc4 29. Ra3 Rb4 30. cxb4 Rxc1 31. b5 h6 32. Ra2 Kf7 33. Kf3 Ke6
34. h4 g6 35. a5 Rf1+ 36. Kg3 Rb1 37. axb6 axb6 38. Rc2 Rxb5 39. Rc6+ Kf7 40.
Rc7+ Kf8 41. Rd7 g5 42. Rh7 gxh4+ 43. Kf3 Rb1 44. Rxh6 Ke7 45. Rxh4 b5 46. Rh7+
Kd6 47. Rf7 Ke6 48. Rb7 b4 49. Rb6+ Ke7 50. Kg3 b3 51. g5 fxg5 52. Kg4 b2 53.
Kxg5 Kd7 54. g4 Kc7 55. Rb3 Kd6 56. Kg6 Rg1 57. Rxb2 Rxg4+ 58. Kf5 Re4 59. Rb6+
Kd7 1/2-1/2

[Event "Open"]
[Site "Villa de Navalmoral ESP"]
[Date "2007.11.07"]
[Round "4"]
[White "Gofshtein, Z."]
[Black "Khamrakulov, I."]
[Result "1/2-1/2"]
[WhiteElo "2542"]
[BlackElo "2604"]
[PlyCount "39"]
[EventDate "2007.11.05"]
[SourceDate "1999.07.01"]

1. d4 Nf6 2. c4 e6 3. Nc3 Bb4 4. e3 c5 5. Bd3 d5 6. Nge2 cxd4 7. exd4 dxc4 8.
Bxc4 O-O 9. a3 Bd6 10. Bg5 Nbd7 11. Qd3 a6 12. Ba2 b5 13. Rd1 b4 14. axb4 Bxb4
15. O-O h6 16. Bh4 Qa5 17. d5 exd5 18. Bxd5 Nxd5 19. Nxd5 Nb6 20. Nxb4 1/2-1/2

[Event "Open"]
[Site "Villa de Navalmoral ESP"]
[Date "2007.11.09"]
[Round "9"]
[White "Gofshtein, Z."]
[Black "Kolev, At1"]
[Result "0-1"]
[WhiteElo "2542"]
[BlackElo "2567"]
[PlyCount "32"]
[EventDate "2007.11.05"]
[SourceDate "1999.07.01"]

1. d4 Nf6 2. c4 e6 3. Nc3 Bb4 4. e3 O-O 5. Bd3 d5 6. cxd5 exd5 7. Nge2 Re8 8.
a3 Bd6 9. b4 c6 10. h3 Nbd7 11. Qc2 a5 12. b5 c5 13. Qb1 Nf8 14. dxc5 Bxc5 15.
Na4 Bd6 16. O-O Bb8 0-1

[Event "IV Open"]
[Site "Calvia ESP"]
[Date "2007.10.17"]
[Round "3"]
[White "Del Rio Angelis, S."]
[Black "Berg, E."]
[Result "1/2-1/2"]
[WhiteElo "2512"]
[BlackElo "2593"]
[PlyCount "101"]
[EventDate "2007.10.15"]
[SourceDate "1999.07.01"]

1. d4 Nf6 2. c4 e6 3. Nc3 Bb4 4. e3 O-O 5. Bd3 d5 6. Nf3 c5 7. O-O dxc4 8. Bxc4
Nbd7 9. Bd2 cxd4 10. Nxd4 Nb6 11. Bb3 e5 12. Nc2 Bc5 13. e4 Qe7 14. Be3 Bg4 15.
f3 Be6 16. Bxe6 fxe6 17. Qe2 Rac8 18. Rf2 Nc4 19. Bxc5 Qxc5 20. Na4 Qa5 21. b3
b5 22. Nc5 Qb6 23. Nd3 Nd6 24. Qe3 Nfxe4 25. Qxb6 axb6 26. Re2 Nc3 27. Rxe5 Nf5
28. Rxe6 Rfd8 29. Ncb4 Nd4 30. Rxb6 Nc2 31. Nxc2 Rxd3 32. Ne1 Rd2 33. a4 Re8
34. f4 bxa4 35. bxa4 Nxa4 36. Rc6 Ree2 37. Rcc1 Rd4 38. g3 h6 39. Nf3 Rd3 40.
Nh4 Nc3 41. f5 Kf7 42. Ng6 Rdd2 43. Nf4 Rc2 44. Rxc2 Rxc2 45. Nh5 Ne2+ 46. Kf1
Rc1+ 47. Rxc1 Nxc1 48. Kf2 g6 49. h4 Nb3 50. g4 Nc5 51. Kg3 1/2-1/2

[Event "16th Monarch Assurance"]
[Site "Port Erin IOM"]
[Date "2007.09.26"]
[Round "5"]
[White "Georgiev, Vl"]
[Black "Efimenko, Z."]
[Result "0-1"]
[WhiteElo "2567"]
[BlackElo "2624"]
[PlyCount "54"]
[EventDate "2007.09.22"]
[SourceDate "1999.07.01"]

1. d4 e6 2. c4 Nf6 3. Nc3 Bb4 4. e3 O-O 5. a3 Bxc3+ 6. bxc3 c5 7. Bd3 Nc6 8. e4
d5 9. cxd5 exd5 10. e5 Ne4 11. Ne2 Bg4 12. Bb2 cxd4 13. cxd4 Qb6 14. Bxe4 dxe4
15. Bc3 Rfd8 16. Qb1 Qxb1+ 17. Rxb1 b6 18. h3 Bxe2 19. Kxe2 Nxd4+ 20. Ke3 Nc2+
21. Kxe4 Rac8 22. Rhd1 Rc4+ 23. Kf5 g6+ 24. Kf6 Re8 25. Bd2 Re6+ 26. Kg5 Rxe5+
27. Kf6 Re6+ 0-1

[Event "3rd Geller mem Open A"]
[Site "Odessa UKR"]
[Date "2007.09.16"]
[Round "9"]
[White "Korobov, A."]
[Black "Drozdovskij, Y."]
[Result "1-0"]
[WhiteElo "2530"]
[BlackElo "2567"]
[PlyCount "123"]
[EventDate "2007.09.08"]
[SourceDate "1999.07.01"]

1. c4 Nf6 2. Nc3 e6 3. d4 Bb4 4. e3 c5 5. Bd3 O-O 6. Nf3 cxd4 7. exd4 d5 8. O-O
dxc4 9. Bxc4 a6 10. Bg5 b5 11. Bd3 Bb7 12. Qe2 Nbd7 13. Rad1 Bxc3 14. bxc3 Qc7
15. Ne5 Nd5 16. Rc1 f6 17. Qh5 f5 18. Rfe1 N7f6 19. Qh3 Rac8 20. c4 bxc4 21.
Bxc4 Qd6 22. Qb3 Rb8 23. f3 Nd7 24. Qd3 N7b6 25. Bb3 Rbc8 26. Bd2 Rxc1 27. Rxc1
Rc8 28. Rxc8+ Nxc8 29. Qc2 Nde7 30. Qc5 Bd5 31. Ba4 Bxa2 32. Bb4 Qd5 33. Bd7 h6
34. h4 h5 35. Kh2 Kh7 36. Kg3 Qb7 37. Be8 Qd5 38. Bd7 Qb7 39. Kh2 Qd5 40. Bd2
Nd6 41. Bg5 Ng6 42. Nxg6 Kxg6 43. Bc6 Qxc5 44. dxc5 Nb5 45. Be8+ Kh7 46. Bf4
Bd5 47. c6 Na7 48. c7 Bb7 49. Kg3 Bc8 50. Be5 Nb5 51. Kf4 Kh6 52. g3 Na3 53.
Ke3 Nc4+ 54. Kd4 Nxe5 55. Kxe5 g5 56. f4 gxh4 57. gxh4 a5 58. Kd6 e5 59. Kxe5
Kg7 60. Kd6 Kf6 61. Bd7 Ba6 62. c8=Q 1-0

[Event "60th ch-RUS Higher League"]
[Site "Krasnoyarsk RUS"]
[Date "2007.09.12"]
[Round "9"]
[White "Korotylev, A."]
[Black "Zakhartsov, V."]
[Result "1/2-1/2"]
[WhiteElo "2616"]
[BlackElo "2559"]
[PlyCount "67"]
[EventDate "2007.09.03"]
[SourceDate "1999.07.01"]

1. d4 Nf6 2. c4 e6 3. Nc3 Bb4 4. e3 O-O 5. Bd3 c5 6. Nf3 d5 7. O-O Nc6 8. a3
Bxc3 9. bxc3 Qc7 10. cxd5 exd5 11. a4 Re8 12. Ba3 c4 13. Bc2 Qa5 14. Qc1 Ne4
15. Bxe4 Rxe4 16. Nd2 Re8 17. e4 Be6 18. Qc2 dxe4 19. Nxe4 Bf5 20. f3 Qd5 21.
Rfe1 Na5 22. Re3 Re6 23. Rae1 Rae8 24. g4 Bg6 25. Qf2 Bxe4 26. fxe4 Rxe4 27.
Qf3 Rxe3 28. Rxe3 Qd7 29. Qf5 Qxa4 30. Rxe8+ Qxe8 31. Qxa5 Qe1+ 32. Kg2 Qe2+
33. Kg3 Qe3+ 34. Kg2 1/2-1/2

[Event "Aeroflot Open"]
[Site "Moscow RUS"]
[Date "2007.02.21"]
[Round "8"]
[White "Vitiugov, N."]
[Black "Savchenko, B."]
[Result "1/2-1/2"]
[WhiteElo "2604"]
[BlackElo "2562"]
[PlyCount "62"]
[EventDate "2007.02.14"]
[SourceDate "1999.07.01"]

1. d4 Nf6 2. c4 e6 3. Nc3 Bb4 4. e3 c5 5. Bd3 cxd4 6. exd4 d5 7. Nf3 O-O 8. O-O
b6 9. Bg5 h6 10. Bh4 Be7 11. cxd5 Nxd5 12. Bxe7 Nxe7 13. Be4 Nbc6 14. d5 exd5
15. Nxd5 Bb7 16. Rc1 Rc8 17. a3 Nxd5 18. Bxd5 Qf6 19. Rc2 Rcd8 20. Rd2 Rd7 21.
Be4 Rxd2 22. Qxd2 Rd8 23. Qc2 Nd4 24. Nxd4 Bxe4 25. Qxe4 Qxd4 26. Qxd4 Rxd4 27.
g3 Rd2 28. Rc1 g5 29. Rc7 a5 30. b4 Rd3 31. Rc6 Kg7 1/2-1/2

[Event "ch-CZE"]
[Site "Praha CZE"]
[Date "2007.02.15"]
[Round "10"]
[White "Stocek, J."]
[Black "Cvek, R."]
[Result "1/2-1/2"]
[WhiteElo "2566"]
[BlackElo "2530"]
[PlyCount "94"]
[EventDate "2007.02.06"]
[SourceDate "1999.07.01"]

1. d4 Nf6 2. c4 e6 3. Nc3 Bb4 4. e3 O-O 5. Bd3 c5 6. Nf3 b6 7. O-O Bb7 8. Bd2
cxd4 9. exd4 d6 10. Re1 Nbd7 11. a3 Bxc3 12. Bxc3 d5 13. b3 Rc8 14. Rc1 Re8 15.
h3 dxc4 16. bxc4 Rc7 17. Re3 Qa8 18. Qe1 b5 19. d5 bxc4 20. dxe6 cxd3 21. exd7
Rxe3 22. Qxe3 Nxd7 23. Nh4 Be4 24. Qg3 Rxc3 25. Rxc3 h6 26. Nf3 Nf6 27. Nd2 Bg6
28. Qc7 Kh7 29. Qc6 Qb8 30. Rc1 Qf4 31. Rd1 Qe5 32. Nf3 Qe2 33. Rd2 Qe7 34. Qc1
Nd5 35. Rd1 Qf6 36. Re1 Nf4 37. Qe3 Ne2+ 38. Kf1 Qa6 39. Qd2 Qxa3 40. Nh4 Qd6
41. Nxg6 fxg6 42. Qe3 Qh2 43. f3 Ng3+ 44. Kf2 Nh1+ 45. Kf1 Ng3+ 46. Kf2 Nh1+
47. Kf1 Ng3+ 1/2-1/2

[Event "II Int Open"]
[Site "Morelia MEX"]
[Date "2007.02.17"]
[Round "4"]
[White "Milov, V."]
[Black "Gonzalez Zamora, J."]
[Result "1/2-1/2"]
[WhiteElo "2665"]
[BlackElo "2526"]
[PlyCount "202"]
[EventDate "2007.02.15"]
[SourceDate "1999.07.01"]

1. d4 Nf6 2. c4 e6 3. Nc3 Bb4 4. e3 O-O 5. Bd3 d5 6. cxd5 exd5 7. Nge2 c6 8.
O-O Bd6 9. f3 c5 10. Qe1 Nc6 11. g4 g6 12. Kh1 Be6 13. Qh4 Be7 14. Qf2 Ne8 15.
Bd2 Ng7 16. Qg2 cxd4 17. exd4 Qd7 18. Bh6 Rfe8 19. Rad1 f6 20. Bc2 Bf7 21. Nf4
Kh8 22. Bb3 Ne6 23. Nfxd5 Nexd4 24. Ba4 b5 25. Nxb5 Qxd5 26. Nxd4 Nxd4 27. Bb3
Nxb3 28. Rxd5 Bxd5 29. axb3 Bc5 30. Qd2 Rad8 31. Qc3 Bd4 32. Qc7 f5 33. gxf5
Rc8 34. Qg3 Rg8 35. Be3 Bxb2 36. Qf2 Bg7 37. fxg6 Rc6 38. gxh7 Rf8 39. Qg3 Kxh7
40. h4 Rcf6 41. Kg2 Bxb3 42. Bg5 Rxf3 43. Qxf3 Rxf3 44. Kxf3 a5 45. Be7 a4 46.
Ba3 Kh6 47. Kf4 Kh5 48. Be7 Bb2 49. Kg3 a3 50. Bf6 Bc2 51. Rf2 Bxf6 52. Rxf6 a2
53. Ra6 Bb1 54. Kf4 Bc2 55. Ra5+ Kh6 56. Rxa2 Bb1 57. Ra6+ Kh5 58. Ra5+ Kh6 59.
Kg4 Bc2 60. Ra6+ Kg7 61. Kg5 Bd3 62. Ra7+ Kg8 63. Rd7 Bc2 64. Kh6 Bf5 65. Rg7+
Kf8 66. Rg2 Bb1 67. Rg3 Bc2 68. Rg1 Bd3 69. Rc1 Kf7 70. Rc3 Bb1 71. Rb3 Bc2 72.
Rb7+ Kg8 73. Rg7+ Kf8 74. Rg3 Bb1 75. Rf3+ Kg8 76. Rf1 Bc2 77. Rf2 Bb1 78. Rf3
Bc2 79. Rf1 Bd3 80. Rg1+ Kf7 81. Rc1 Kg8 82. Rd1 Bc2 83. Rd4 Bb1 84. Rb4 Bc2
85. Rc4 Bd3 86. Rc1 Kf7 87. Kg5 Kg7 88. Rc7+ Kg8 89. Kf6 Bb1 90. Rg7+ Kh8 91.
Rg3 Kh7 92. Rg5 Bc2 93. Rg7+ Kh6 94. Rc7 Bb1 95. Rb7 Bc2 96. Rb8 Kh7 97. Kf7
Bg6+ 98. Kf8 Bd3 99. Rb7+ Kh6 100. Kg8 Kh5 101. Rb4 Be2 1/2-1/2